Capital y tiempo / (Registro nro. 11905)
[ vista simple ]
| 000 -LEADER | |
|---|---|
| fixed length control field | 01417nam a2200289Ia 4500 |
| 003 - CONTROL NUMBER IDENTIFIER | |
| control field | OSt |
| 005 - DATE AND TIME OF LATEST TRANSACTION | |
| control field | 20210714154536.0 |
| 008 - FIXED-LENGTH DATA ELEMENTS--GENERAL INFORMATION | |
| fixed length control field | 210310s1976 mx ad gr 000 0 spa d |
| 020 ## - INTERNATIONAL STANDARD BOOK NUMBER | |
| International Standard Book Number | 843750080X |
| 040 ## - CATALOGING SOURCE | |
| Original cataloging agency | CO-JMCR |
| Transcribing agency | CO-JMCR |
| 041 1# - LANGUAGE CODE | |
| Language code of text/sound track or separate title | spa |
| Language code of original | eng |
| 082 04 - DEWEY DECIMAL CLASSIFICATION NUMBER | |
| Classification number | 332.041 / |
| Item number | H631c |
| Edition number | 23 |
| 100 1# - MAIN ENTRY--PERSONAL NAME | |
| Personal name | Hicks, John, |
| Relator term | autor |
| 9 (RLIN) | 4580 |
| 245 10 - TITLE STATEMENT | |
| Title | Capital y tiempo / |
| Statement of responsibility, etc. | John Hicks ; traducción de Antonio Grahan |
| 250 ## - EDITION STATEMENT | |
| Edition statement | Primera edición |
| 260 ## - PUBLICATION, DISTRIBUTION, ETC. | |
| Place of publication, distribution, etc. | México : |
| Name of publisher, distributor, etc. | Fondo de Cultura Económica, |
| Date of publication, distribution, etc. | 1976. |
| 300 ## - PHYSICAL DESCRIPTION | |
| Other physical details | 222 páginas ; |
| Dimensions | 21 cm. |
| 490 0# - SERIES STATEMENT | |
| Series statement | Sección de obras de economía : |
| -- | Capital y tiempo |
| 501 ## - WITH NOTE | |
| With note | Con: notas a pie de página. |
| 505 0# - FORMATTED CONTENTS NOTE | |
| Formatted contents note | El modelo. -- El transito. -- La controversia. |
| 520 0# - SUMMARY, ETC. | |
| Summary, etc. | Este es el tercer libro que el autor ha escrito sobre el capital; pero le será muy difícil al lector descubrir imbricaciones en su obra. Capital and Growth (1965) era un amplio trabajo de exposición; el presente volumen tiene un carácter más constructivo. Adopta un acercamiento al tema que fue peculiar de la escuela austriaca de 1890-1930: un acercamiento hace tiempo abandonado en razón de un obstáculo que aquellos autores no pudieron vencer. |
| 650 14 - SUBJECT ADDED ENTRY--TOPICAL TERM | |
| Topical term or geographic name entry element | Bienes y procedimientos |
| General subdivision | Capital |
| 9 (RLIN) | 38454 |
| 650 24 - SUBJECT ADDED ENTRY--TOPICAL TERM | |
| Topical term or geographic name entry element | Contabilidad social |
| General subdivision | Capital |
| 9 (RLIN) | 38455 |
| 650 24 - SUBJECT ADDED ENTRY--TOPICAL TERM | |
| Topical term or geographic name entry element | Salarios fijos |
| General subdivision | Capital |
| 9 (RLIN) | 38456 |
| 700 1# - ADDED ENTRY--PERSONAL NAME | |
| Personal name | Grahan, Antonio, |
| Relator term | traductor |
| 9 (RLIN) | 38457 |
| 942 ## - ADDED ENTRY ELEMENTS (KOHA) | |
| Source of classification or shelving scheme | Dewey Decimal Classification |
| Koha item type | Books |
| Withdrawn status | Lost status | Source of classification or shelving scheme | Damaged status | Not for loan | Home library | Current library | Shelving location | Date acquired | Source of acquisition | Full call number | Barcode | Date last seen | Copy number | Price effective from | Koha item type |
|---|---|---|---|---|---|---|---|---|---|---|---|---|---|---|---|
| Dewey Decimal Classification | Biblioteca Pública José María del Castillo y Rada | Biblioteca Pública José María del Castillo y Rada | General Stacks | 04/15/2018 | Donación | 332.041 / H631c | 201811427 | 05/16/2024 | Ej.1 | 03/10/2021 | Books |